English Irregular Past Simple - Statistics

General Stats
  • This quiz has been taken 112 times
  • The average score is 65 of 106
Answer Stats
Infinitive Past Simple % Correct
become became
100%
begin began
93%
beat beat
91%
come came
89%
eat ate
87%
break broke
87%
cut cut
87%
drink drank
87%
drive drove
83%
bite bit
80%
choose chose
80%
do did
80%
feed fed
80%
forget forgot
80%
get got
80%
bet bet
78%
draw drew
78%
fall fell
78%
buy bought
76%
build built
76%
find found
76%
give gave
76%
breed bred
74%
cost cost
74%
have had
74%
meet met
74%
go went
74%
blow blew
72%
forgive forgave
72%
hit hit
72%
keep kept
72%
burn burnt
70%
catch caught
70%
feel felt
70%
know knew
70%
make made
70%
put put
70%
bend bent
67%
fly flew
67%
fight fought
67%
grow grew
67%
lose lost
67%
run ran
67%
read read
67%
ride rode
67%
see saw
67%
bleed bled
65%
freeze froze
65%
hurt hurt
65%
let let
65%
say said
65%
send sent
65%
set set
65%
dream dreamt
63%
hear heard
63%
quit quit
63%
sing sang
63%
hide hid
61%
mean meant
61%
bring brought
59%
dig dug
59%
ring rang
59%
shut shut
59%
speak spoke
59%
hold held
57%
leave left
57%
rise rose
57%
shoot shot
57%
sleep slept
57%
spend spent
57%
swim swam
57%
write wrote
57%
lead led
54%
pay paid
54%
win won
54%
lend lent
52%
sell sold
52%
sit sat
50%
speed sped
50%
understand understood
50%
lay laid
48%
sink sank
48%
shine shone
48%
spread spread
48%
take took
48%
shrink shrank
46%
lean leant
43%
shake shook
43%
think thought
43%
tell told
43%
wake woke
43%
steal stole
41%
show showed
39%
stand stood
39%
sweep swept
39%
swear swore
39%
stick stuck
37%
sting stung
37%
swing swung
37%
throw threw
37%
stink stank
35%
wear wore
35%
spill spilt
33%
teach taught
33%
tear tore
33%
shoe shod
15%
No matching quizzes found
Score Distribution
Percent of People with Each Score
Percentile by Number Answered
Your Score History
You have not taken this quiz